Group process and gang delinquency /

Bibliographic Details
Main Author: Short, James F.
Other Authors: Strodtbeck, Fred L.
Format: Book
Language:English
Published: Chicago : University of Chicago Press, [1965]
Subjects:

MARC

Tag First Indicator Second Indicator Subfields
LEADER 00000cam a2200000 4500
001 in00000066302
005 20151008051855.0
008 720204s1965 ilu b 00000 eng u
010 |a  65014434  
035 |a (OCoLC)00233917 
035 |9 AAH0475AM 
040 |c WSU  |d TXA  |d UtOrBLW 
049 |a TXAM  |c [476937] 
050 0 |a HV9104  |b .S45 
092 |a 364.36  |b S559g 
100 1 |a Short, James F. 
245 1 0 |a Group process and gang delinquency /  |c [by] James F. Short, Jr., and Fred L. Strodtbeck. 
264 1 |a Chicago :  |b University of Chicago Press,  |c [1965] 
300 |a 294 pages 
336 |a text  |b txt  |2 rdacontent 
337 |a unmediated  |b n  |2 rdamedia 
338 |a volume  |b nc  |2 rdacarrier 
504 |a Bibliographical footnotes. 
650 0 |a Gangs. 
700 1 |a Strodtbeck, Fred L. 
999 |a MARS 
999 f f |s c9f884b9-36d0-3ba7-97c0-8ecb813bb7fd  |i fc5d4250-bc73-3230-8b7e-71d46216b3b0  |t 0 
952 f f |p ric  |a Texas A&M University  |b Rellis Campus  |c Joint Library Facility  |d Remote Storage  |t 0  |e HV9104 .S45  |h Library of Congress classification  |i unmediated -- volume  |m A14800813955 
998 f f |a HV9104 .S45  |t 0  |l Remote Storage